| 000 | 00636nam a2200241Ia 4500 | ||
|---|---|---|---|
| 003 | OSt | ||
| 005 | 20220924121713.0 | ||
| 006 | a|||||r|||| 00| 0 | ||
| 007 | ta | ||
| 008 | 220923b |||||||| |||| 00| 0 urd d | ||
| 020 | _c4.00 | ||
| 024 | _a315856 | ||
| 037 | _cTextual | ||
| 040 |
_aARTS _cARTS _burd |
||
| 041 |
_2urd _aurd |
||
| 082 | _aO168,1NSA3x, K4 | ||
| 100 |
_aSafdar Hussain _9186972 |
||
| 245 | 0 | _aCharagh-e-dair-o-haram | |
| 260 |
_aKarachi _bBargah-e-Adab Pakistan _c1964 |
||
| 650 | _aURDU POETRY | ||
| 942 |
_hO168,1NSA3x, K4 _cTEXL _2CC |
||
| 999 |
_c408680 _d408680 |
||